Vista normal
Vista MARC
- Lessius, Leonardus,
Entrada Personal Name
Número de registros utilizados en: 1
001 - CONTROL NUMBER
- control field: 22842
003 - CONTROL NUMBER IDENTIFIER
- control field: IT-RoINE
005 - DATE AND TIME OF LATEST TRANSACTION
- control field: 20160311073152.0
008 - FIXED-LENGTH DATA ELEMENTS
- fixed length control field: 160311|| aca||aabn | a|a d
040 ## - CATALOGING SOURCE
- Original cataloging agency: IT-RoINE
- Transcribing agency: IT-RoINE
100 ## - HEADING--PERSONAL NAME
- Personal name: Lessius, Leonardus,
- Titles and other words associated with a name: S.I.,
- Dates associated with a name: 1554-1623
670 ## - SOURCE DATA FOUND
- Source citation: Work cat.: (IT-RoINE)0: Lessius, Leonardus, S.I., 1554-1623, Leonardi Lesii, S.I. De Sacra Scriptura ;, 1974.